<?xml version="1.0" encoding="UTF-8"?>
<record
    xmlns:xsi="http://www.w3.org/2001/XMLSchema-instance"
    xsi:schemaLocation="http://www.loc.gov/MARC21/slim http://www.loc.gov/standards/marcxml/schema/MARC21slim.xsd"
    xmlns="http://www.loc.gov/MARC21/slim">

  <leader>00900nam a22002537a 4500</leader>
  <controlfield tag="005">19970904051429.3</controlfield>
  <controlfield tag="008">970904m19271929ii      a     001 0aeng  </controlfield>
  <datafield tag="010" ind1=" " ind2=" ">
    <subfield code="a">ENG-95757</subfield>
  </datafield>
  <datafield tag="020" ind1=" " ind2=" ">
    <subfield code="a">9788179928721</subfield>
    <subfield code="c">295.00</subfield>
  </datafield>
  <datafield tag="035" ind1=" " ind2=" ">
    <subfield code="a">EN-79290</subfield>
  </datafield>
  <datafield tag="037" ind1=" " ind2=" ">
    <subfield code="a">DBAD/PUB</subfield>
  </datafield>
  <datafield tag="040" ind1=" " ind2=" ">
    <subfield code="a">DPL</subfield>
  </datafield>
  <datafield tag="100" ind1=" " ind2=" ">
    <subfield code="a">Brian</subfield>
  </datafield>
  <datafield tag="240" ind1=" " ind2=" ">
    <subfield code="a">Satyan&#x101; prayogo athav&#x101; &#x101;tmakath&#x101;.</subfield>
    <subfield code="l">English</subfield>
  </datafield>
  <datafield tag="245" ind1=" " ind2=" ">
    <subfield code="a">Words of power </subfield>
    <subfield code="c">by Brian &amp; Esther Crowley</subfield>
    <subfield code="b">mantras and chants from east and west</subfield>
  </datafield>
  <datafield tag="260" ind1=" " ind2=" ">
    <subfield code="a">Mumbai</subfield>
    <subfield code="b">Jaico Publishing House,</subfield>
    <subfield code="c">2008</subfield>
  </datafield>
  <datafield tag="270" ind1=" " ind2=" ">
    <subfield code="a">A-2, Jash chambers, Fort</subfield>
    <subfield code="b">Mumbai</subfield>
    <subfield code="e">400001</subfield>
  </datafield>
  <datafield tag="300" ind1=" " ind2=" ">
    <subfield code="a">xvi, 318p. ;</subfield>
    <subfield code="c">22 cm.(Pbk)</subfield>
  </datafield>
  <datafield tag="500" ind1=" " ind2=" ">
    <subfield code="a">Includes bibliography references </subfield>
  </datafield>
  <datafield tag="700" ind1=" " ind2=" ">
    <subfield code="a">Crowley , Esther</subfield>
  </datafield>
  <datafield tag="942" ind1=" " ind2=" ">
    <subfield code="2">ddc</subfield>
    <subfield code="c">EN</subfield>
    <subfield code="m">BRI</subfield>
  </datafield>
  <datafield tag="999" ind1=" " ind2=" ">
    <subfield code="c">33501</subfield>
    <subfield code="d">33501</subfield>
  </datafield>
  <datafield tag="952" ind1=" " ind2=" ">
    <subfield code="0">0</subfield>
    <subfield code="1">0</subfield>
    <subfield code="2">ddc</subfield>
    <subfield code="4">0</subfield>
    <subfield code="7">1</subfield>
    <subfield code="8">NFIC</subfield>
    <subfield code="a">DBAD</subfield>
    <subfield code="b">BN</subfield>
    <subfield code="d">2009-12-31</subfield>
    <subfield code="e">DBAD/PUB</subfield>
    <subfield code="g">295.00</subfield>
    <subfield code="l">0</subfield>
    <subfield code="o">BRI</subfield>
    <subfield code="p">EN-79290</subfield>
    <subfield code="r">2010-01-06 00:00:00</subfield>
    <subfield code="t">1</subfield>
    <subfield code="v">295.00</subfield>
    <subfield code="y">EN</subfield>
  </datafield>
</record>
